000 00367 a2200169 4500
001 48166
020 _a978-85-8184-147-2
040 _cAnchieta - Aquarius
100 _aMaar, Anne
240 1 0 _aA mudança de Hugo
_l
245 1 0 _aA mudança de Hugo
300 _a42
362 0 _a2018
440 1 _aGaudí
650 4 _aLiteratura infanto-juvenil
942 _cBK
999 _c48166
_d48166